| 000 | 00548nam a22001697a 4500 | ||
|---|---|---|---|
| 003 | OSt | ||
| 005 | 20220415113319.0 | ||
| 008 | 220415b |||||||| |||| 00| 0 eng d | ||
| 020 | _a8122415733 | ||
| 040 | _cHU | ||
| 082 | _a631.4 | ||
| 100 |
_a Sarkar, D. (Dipak); Haldar, Abhijit _933874 |
||
| 245 |
_aPhysical and Chemical Methods in Soil Analysis. _c Dipak Sarkar; Abhijit Haldar |
||
| 260 |
_aNew Delhi : _bNew Age International Pvt. Ltd., Publishers, _c 2005. |
||
| 300 |
_a 1 online resource (193 pages) _bPC _c26 |
||
| 942 |
_2ddc _cBOOKS _n0 |
||
| 999 |
_c34853 _d34853 |
||